Most Translated Books - Statistics

General Stats
  • This quiz has been taken 39 times
  • The average score is 12 of 43
Answer Stats
No. of languages Author Title % Correct
3384 Various The Bible
92%
80 J. K. Rowling Harry Potter
89%
73 Anne Frank The Diary of a Young Girl
81%
57 J. R. R. Tolkien The Lord of the Rings
81%
65 George Orwell Nineteen Eighty-Four
78%
59 J. R. R. Tolkien The Hobbit
68%
>102 Abu Bakr (compiler) Quran
65%
>500 Antoine de Saint-Exupéry The Little Prince
65%
>140 Miguel de Cervantes Don Quixote
62%
174 Lewis Carroll Alice's Adventures in Wonderland
57%
>200 Karl Marx & Friedrich Engels The Communist Manifesto
57%
65 Mark Twain The Adventures of Huckleberry Finn
46%
96 Hergé The Adventures of Tintin
38%
74 A. A. Milne Winnie-the-Pooh
35%
110 Joseph Smith Book of Mormon
32%
115 René Goscinny & Albert Uderzo The Adventures of Asterix
30%
70 Paulo Coelho The Alchemist
30%
65 Lewis Carroll Through the Looking-Glass
22%
56 Henrik Ibsen A Doll's House
19%
70 Astrid Lindgren Pippi Longstocking
19%
240-260 Carlo Collodi The Adventures of Pinocchio
19%
50 Johanna Spyri Heidi
14%
57 Chinua Achebe Things Fall Apart
14%
65 Jostein Gaarder Sophie's World
8%
>250 Laozi Tao Te Ching
8%
52 Kazuo Ishiguro Never Let Me Go
5%
61 Henryk Sienkiewicz Quo Vadis
5%
52 A. A. Milne The House at Pooh Corner
5%
108 Kahlil Gibran The Prophet
5%
129 Hans Christian Andersen Andersen's Fairy Tales
3%
59 Vyasa Bhagavad Gita
3%
95 Thomas à Kempis The Imitation of Christ
3%
50 Paramahansa Yogananda Autobiography of a Yogi
0%
64 Various Isha Upanishad
0%
61 Elias Lönnrot (compiler) Kalevala
0%
50 Per Petterson Out Stealing Horses
0%
52 Carlo Rovelli Seven Brief Lessons on Physics
0%
>160 Ellen G. White Steps to Christ
0%
52 John Boyne The Boy in the Striped Pyjamas
0%
58 Jaroslav Hašek The Good Soldier Švejk
0%
>70 Thor Heyerdahl The Kon-Tiki Expedition
0%
100 Ngũgĩ wa Thiong'o The Upright Revolution
0%
114 L. Ron Hubbard The Way to Happiness
0%
No matching quizzes found
Score Distribution
Percent of People with Each Score
Percentile by Number Answered
Your Score History
You have not taken this quiz